<?xml version="1.0" encoding="UTF-8"?>
<record
    xmlns:xsi="http://www.w3.org/2001/XMLSchema-instance"
    xsi:schemaLocation="http://www.loc.gov/MARC21/slim http://www.loc.gov/standards/marcxml/schema/MARC21slim.xsd"
    xmlns="http://www.loc.gov/MARC21/slim">

  <leader>00244nam a22001097a 4500</leader>
  <datafield tag="040" ind1=" " ind2=" ">
    <subfield code="c">HS</subfield>
  </datafield>
  <datafield tag="082" ind1=" " ind2=" ">
    <subfield code="a">551</subfield>
  </datafield>
  <datafield tag="100" ind1=" " ind2=" ">
    <subfield code="a">&#x1796;&#x17C1;&#x1787; &#x179F;&#x17C6;&#x178E;&#x17B6;&#x1784;</subfield>
  </datafield>
  <datafield tag="245" ind1=" " ind2=" ">
    <subfield code="a">&#x17A7;&#x178F;&#x17BB;&#x1793;&#x17B7;&#x1799;&#x1798;</subfield>
  </datafield>
  <datafield tag="260" ind1=" " ind2=" ">
    <subfield code="a">RUA</subfield>
    <subfield code="b">&#x1796;&#x17C1;&#x1787; &#x179F;&#x17C6;&#x178E;&#x17B6;&#x1784;</subfield>
    <subfield code="c">2012</subfield>
  </datafield>
  <datafield tag="942" ind1=" " ind2=" ">
    <subfield code="c">KB</subfield>
  </datafield>
  <datafield tag="999" ind1=" " ind2=" ">
    <subfield code="c">8424</subfield>
    <subfield code="d">8424</subfield>
  </datafield>
  <datafield tag="952" ind1=" " ind2=" ">
    <subfield code="0">0</subfield>
    <subfield code="1">0</subfield>
    <subfield code="4">0</subfield>
    <subfield code="6">551_000000000000000_&#x1796;&#x17C1;&#x1787;_2012_C166</subfield>
    <subfield code="7">0</subfield>
    <subfield code="9">48265</subfield>
    <subfield code="a">LBC</subfield>
    <subfield code="b">LBC</subfield>
    <subfield code="c">C166</subfield>
    <subfield code="d">2016-07-27</subfield>
    <subfield code="o">551 &#x1796;&#x17C1;&#x1787; 2012 C166</subfield>
    <subfield code="p">RUA034034</subfield>
    <subfield code="r">2016-07-27</subfield>
    <subfield code="y">KB</subfield>
  </datafield>
  <datafield tag="952" ind1=" " ind2=" ">
    <subfield code="0">0</subfield>
    <subfield code="1">0</subfield>
    <subfield code="4">0</subfield>
    <subfield code="6">551_000000000000000_&#x1796;&#x17C1;&#x1787;_2012_C166</subfield>
    <subfield code="7">0</subfield>
    <subfield code="9">48266</subfield>
    <subfield code="a">LBC</subfield>
    <subfield code="b">LBC</subfield>
    <subfield code="c">C166</subfield>
    <subfield code="d">2016-07-27</subfield>
    <subfield code="l">1</subfield>
    <subfield code="o">551 &#x1796;&#x17C1;&#x1787; 2012 C166</subfield>
    <subfield code="p">RUA033383</subfield>
    <subfield code="r">2018-12-14</subfield>
    <subfield code="s">2018-12-05</subfield>
    <subfield code="y">KB</subfield>
  </datafield>
  <datafield tag="952" ind1=" " ind2=" ">
    <subfield code="0">0</subfield>
    <subfield code="1">0</subfield>
    <subfield code="4">0</subfield>
    <subfield code="6">551_000000000000000_&#x1796;&#x17C1;&#x1787;_2012_C166</subfield>
    <subfield code="7">0</subfield>
    <subfield code="9">48267</subfield>
    <subfield code="a">LBC</subfield>
    <subfield code="b">LBC</subfield>
    <subfield code="c">C166</subfield>
    <subfield code="d">2016-07-27</subfield>
    <subfield code="o">551 &#x1796;&#x17C1;&#x1787; 2012 C166</subfield>
    <subfield code="p">RUA034145</subfield>
    <subfield code="r">2016-07-27</subfield>
    <subfield code="y">KB</subfield>
  </datafield>
  <datafield tag="952" ind1=" " ind2=" ">
    <subfield code="0">0</subfield>
    <subfield code="1">0</subfield>
    <subfield code="4">0</subfield>
    <subfield code="6">551_000000000000000_&#x1796;&#x17C1;&#x1787;_2012_C166</subfield>
    <subfield code="7">0</subfield>
    <subfield code="9">48271</subfield>
    <subfield code="a">LBC</subfield>
    <subfield code="b">LBC</subfield>
    <subfield code="c">C166</subfield>
    <subfield code="d">2016-07-27</subfield>
    <subfield code="o">551 &#x1796;&#x17C1;&#x1787; 2012 C166</subfield>
    <subfield code="p">RUA033744</subfield>
    <subfield code="r">2016-07-27</subfield>
    <subfield code="y">KB</subfield>
  </datafield>
  <datafield tag="952" ind1=" " ind2=" ">
    <subfield code="0">0</subfield>
    <subfield code="1">0</subfield>
    <subfield code="4">0</subfield>
    <subfield code="6">551_000000000000000_&#x1796;&#x17C1;&#x1787;_2012_C166</subfield>
    <subfield code="7">0</subfield>
    <subfield code="9">48276</subfield>
    <subfield code="a">LBC</subfield>
    <subfield code="b">LBC</subfield>
    <subfield code="c">C166</subfield>
    <subfield code="d">2016-07-27</subfield>
    <subfield code="o">551 &#x1796;&#x17C1;&#x1787; 2012 C166</subfield>
    <subfield code="p">RUA033683</subfield>
    <subfield code="r">2016-07-27</subfield>
    <subfield code="y">KB</subfield>
  </datafield>
  <datafield tag="952" ind1=" " ind2=" ">
    <subfield code="0">0</subfield>
    <subfield code="1">0</subfield>
    <subfield code="4">0</subfield>
    <subfield code="6">551_000000000000000_&#x1796;&#x17C1;&#x1787;_2012_C166</subfield>
    <subfield code="7">0</subfield>
    <subfield code="9">48280</subfield>
    <subfield code="a">LBC</subfield>
    <subfield code="b">LBC</subfield>
    <subfield code="c">C166</subfield>
    <subfield code="d">2016-07-27</subfield>
    <subfield code="o">551 &#x1796;&#x17C1;&#x1787; 2012 C166</subfield>
    <subfield code="p">RUA034215</subfield>
    <subfield code="r">2016-07-27</subfield>
    <subfield code="y">KB</subfield>
  </datafield>
  <datafield tag="952" ind1=" " ind2=" ">
    <subfield code="0">0</subfield>
    <subfield code="1">0</subfield>
    <subfield code="4">0</subfield>
    <subfield code="6">551_000000000000000_&#x1796;&#x17C1;&#x1787;_2012_C166</subfield>
    <subfield code="7">0</subfield>
    <subfield code="9">48281</subfield>
    <subfield code="a">LBC</subfield>
    <subfield code="b">LBC</subfield>
    <subfield code="c">C166</subfield>
    <subfield code="d">2016-07-27</subfield>
    <subfield code="o">551 &#x1796;&#x17C1;&#x1787; 2012 C166</subfield>
    <subfield code="p">RUA034154</subfield>
    <subfield code="r">2016-07-27</subfield>
    <subfield code="y">KB</subfield>
  </datafield>
  <datafield tag="952" ind1=" " ind2=" ">
    <subfield code="0">0</subfield>
    <subfield code="1">0</subfield>
    <subfield code="4">0</subfield>
    <subfield code="6">551_000000000000000_&#x1796;&#x17C1;&#x1787;_2012_C166</subfield>
    <subfield code="7">0</subfield>
    <subfield code="9">48282</subfield>
    <subfield code="a">LBC</subfield>
    <subfield code="b">LBC</subfield>
    <subfield code="c">C166</subfield>
    <subfield code="d">2016-07-27</subfield>
    <subfield code="o">551 &#x1796;&#x17C1;&#x1787; 2012 C166</subfield>
    <subfield code="p">RUA033804</subfield>
    <subfield code="r">2016-07-27</subfield>
    <subfield code="y">KB</subfield>
  </datafield>
  <datafield tag="952" ind1=" " ind2=" ">
    <subfield code="0">0</subfield>
    <subfield code="1">0</subfield>
    <subfield code="4">0</subfield>
    <subfield code="6">551_000000000000000_&#x1796;&#x17C1;&#x1787;_2012_C166</subfield>
    <subfield code="7">0</subfield>
    <subfield code="9">48283</subfield>
    <subfield code="a">LBC</subfield>
    <subfield code="b">LBC</subfield>
    <subfield code="c">C166</subfield>
    <subfield code="d">2016-07-27</subfield>
    <subfield code="o">551 &#x1796;&#x17C1;&#x1787; 2012 C166</subfield>
    <subfield code="p">RUA033985</subfield>
    <subfield code="r">2016-07-27</subfield>
    <subfield code="y">KB</subfield>
  </datafield>
  <datafield tag="952" ind1=" " ind2=" ">
    <subfield code="0">0</subfield>
    <subfield code="1">0</subfield>
    <subfield code="4">0</subfield>
    <subfield code="6">551_000000000000000_&#x1796;&#x17C1;&#x1787;_2012_C166</subfield>
    <subfield code="7">0</subfield>
    <subfield code="9">48284</subfield>
    <subfield code="a">LBC</subfield>
    <subfield code="b">LBC</subfield>
    <subfield code="c">C166</subfield>
    <subfield code="d">2016-07-27</subfield>
    <subfield code="o">551 &#x1796;&#x17C1;&#x1787; 2012 C166</subfield>
    <subfield code="p">RUA045377</subfield>
    <subfield code="r">2016-07-27</subfield>
    <subfield code="y">KB</subfield>
  </datafield>
  <datafield tag="952" ind1=" " ind2=" ">
    <subfield code="0">0</subfield>
    <subfield code="1">0</subfield>
    <subfield code="4">0</subfield>
    <subfield code="6">551_000000000000000_&#x1796;&#x17C1;&#x1787;_2012_C166</subfield>
    <subfield code="7">0</subfield>
    <subfield code="9">93413</subfield>
    <subfield code="a">LBC</subfield>
    <subfield code="b">LBC</subfield>
    <subfield code="c">C166</subfield>
    <subfield code="d">2023-06-16</subfield>
    <subfield code="o">551 &#x1796;&#x17C1;&#x1787; 2012 C166</subfield>
    <subfield code="p">A071427</subfield>
    <subfield code="r">2023-06-16</subfield>
    <subfield code="w">2023-06-16</subfield>
    <subfield code="y">KB</subfield>
  </datafield>
</record>
